000 00699nam a22002057a 4500
999 _c17973
_d17973
003 AR-CdUCM
008 190510b ||||| |||| 00| 0 spa d
040 _aMUNICIPALIDAD PROVINCIAL DEL CUSCO
_cBIBLIOTECA MUNICIPAL DEL CUSCO
082 _24ed.
_a629.2 /
_bP36
100 _aPedreiti
_938270
245 _aManual del automovilista /
260 _aBarcelona :
_bGustavo Gili,
300 _a784 páginas ;
_c19 cm.
_bIlustraciones
505 _aContenido : Nociones generales de mecánica y termodinámica -- Mecánica -- Equilibrio -- Fuerza ...
650 _aMecánica
_921111
650 _aAutos
_938271
650 _aTermodinámica
_919746
942 _2ddc
_cLIBROS
945 _arah
_d10/05/2019